|
|
|
|
| LEADER |
00000naa2a2200000 4500 |
| 001 |
399106 |
| 005 |
20231101065154.0 |
| 035 |
|
|
|a (RuTPU)RU\TPU\prd\40091
|
| 035 |
|
|
|a RU\TPU\prd\40090
|
| 090 |
|
|
|a 399106
|
| 100 |
|
|
|a 20051205a2005 k y0rusy50 ca
|
| 101 |
0 |
|
|a rus
|
| 102 |
|
|
|a RU
|
| 200 |
1 |
|
|a Инструкция по работе с отказами в научной библиотеке Дальневосточного государственного университета путей сообщения
|e (стандарт предприятия)
|f Дальневосточный государственный университет путей сообщения
|
| 225 |
1 |
|
|a Фонды библиотеки
|
| 461 |
|
0 |
|0 (RuTPU)RU\TPU\prd\39949
|t Библиотеки учебных заведений
|o научно-методический журнал
|d 2005
|
| 463 |
|
0 |
|0 (RuTPU)RU\TPU\prd\39951
|t № 14
|v С. 39-46
|d 2005
|
| 610 |
1 |
|
|a университетские библиотеки
|
| 610 |
1 |
|
|a фонды
|
| 610 |
1 |
|
|a отказы
|
| 610 |
1 |
|
|a инструкции
|
| 610 |
1 |
|
|a стандарты предприятия
|
| 610 |
1 |
|
|a приложения
|
| 610 |
1 |
|
|a формы учета
|
| 610 |
1 |
|
|a Дальневосточный государственный университет путей сообщения
|
| 712 |
0 |
2 |
|a Дальневосточный государственный университет путей сообщения
|
| 801 |
|
1 |
|a RU
|b 63413507
|c 20051205
|g PSBO
|
| 801 |
|
2 |
|a RU
|b 63413507
|c 20051205
|g PSBO
|
| 942 |
|
|
|c BK
|